Properties of the Inward Ionic Currents and Their Regulating Agents in Smooth Muscle Cells

Bibliographic Details
Main Authors: Kitamura, K. (Author), INOUE, Y. (Author), Inoue, R. (Author), Ohya, Y. (Author), Terada, K. (Author), Okabe, K. (Author), Kuriyama, H. (Author)
Format: Article
Language:Slovak
English

MARC

LEADER 00000nab a2200000 a 4500
001 vtls010736534
003 SK-MaSNL
005 20260304191037.0
008 250709s1989 xo |||||||||||||||||slo|
035 |a (urnnbn)urn:nbn:sk:snk:ar-a05itt 
035 |a (uuid)4c78ac84-575e-402d-9f09-b46989bc79c7 
035 |a urn:nbn:sk:snk-ab3xwz 
040 |a SNKBUCL  |b slo  |c SNKBUCL  |e AACR2 
041 0 |a eng 
044 |a xo  |c SK 
100 1 |a Kitamura, K.  |4 aut  |9 1158644 
245 1 0 |a Properties of the Inward Ionic Currents and Their Regulating Agents in Smooth Muscle Cells  |c K. Kitamura, Y. Inoue, R. Inoue, Y. Ohya, K. Terada, K. Okabe, H. Kuriyama 
700 1 |a INOUE, Y.  |4 aut  |9 1523168 
700 1 |a Inoue, R.  |4 aut  |9 1523169 
700 1 |a Ohya, Y.  |4 aut  |9 1523170 
700 1 |a Terada, K.  |4 aut  |9 1523171 
700 1 |a Okabe, K.  |4 aut  |9 1523172 
700 1 |a Kuriyama, H.  |4 aut  |9 1523173 
773 0 |t General physiology and biophysics : an international journal  |g Roč. 8, č. 4 (1989), s. 289-312 
850 |a Slovenská národná knižnica 
852 |a Slovenská národná knižnica 
958 |a article1 
958 |a OND 
958 |a EUIPO 
999 |c 3052182  |d 3054112